000 00620nam a22001937a 4500
999 _c196207
_d196207
005 20230606155324.0
010 _aENG-137097
020 _a9789389211573
_c1195.00
035 _aEN-120629
037 _bDBAD/PUB
082 _a620.103
100 _aDumir, P.C.
245 _aEngineering Mechanics:
_cby P.C. Dumir
260 _aTelangana
_bUniversities Press (India) Private Limited
_c2020
270 _a3-6-747/1/A & 3-6-754/1, Himayatnagar
_bHyderabad
_e500029
300 _ax, 830p.;
_c25cm(pbk)
_bAppendixes
700 _aS. Sengupta and Srinivas V Veeravalli
942 _2ddc
_cEN
_mDUM
_h620.103